| 000 | 00533cam a2200193 4500 | ||
|---|---|---|---|
| 008 | 090401t1999 xxu||||| |||| 00| 0 eng d | ||
| 020 | _a1900858312 | ||
| 035 | _a(Sirsi) u92827 | ||
| 041 | _aeng | ||
| 050 | _a690.24 | ||
| 110 |
_aBuilding Maintenance Information _93229 |
||
| 245 | _aBMI special report : the economic significance of maintenance : maintenance expenditure 1987-1997. | ||
| 260 |
_aLondon _bBMI _c1999 |
||
| 300 | _a12p. ; 30cm. | ||
| 350 | _a0 | ||
| 490 |
_aSerial _v278 |
||
| 942 | _n0 | ||
| 948 | _c19/04/1999 | ||
| 999 |
_c97786 _d97786 |
||